Normal view
MARC view
- Hoffmann, Thomas Russell,
Entry Personal Name
001 - CONTROL NUMBER
- control field: 85306
003 - CONTROL NUMBER IDENTIFIER
- control field: NUST
005 - DATE AND TIME OF LATEST TRANSACTION
- control field: 20211130113012.0
008 - FIXED-LENGTH DATA ELEMENTS
- fixed length control field: 211130|| aca||aabn | a|a d
040 ## - CATALOGING SOURCE
- Original cataloging agency: NUST
- Transcribing agency: NUST
100 ## - HEADING--PERSONAL NAME
- Personal name: Hoffmann, Thomas Russell,
- Dates associated with a name: 1933-
670 ## - SOURCE DATA FOUND
- Source citation: Work cat.: (NUST)33492: Fogarty, Donald W. 85302, Production & inventory management /, c1991.
